000 00240nam a2200109Ia 4500
008 240625s9999 xx 000 0 und d
041 _aeng
100 _aTHE ECONOMIC TIMES
245 _aET IN THE CLASS ROOM
260 _c2003
365 _cRS
999 _c33628
_d33628